20 Most Famous Cities in Honduras on a Map - Statistics

General Stats
  • This quiz has been taken 63 times
  • The average score is 7 of 22
Answers on the Map
Answers color-coded by a green-red scale on the quiz's map according to % correct below.
 
Answer Stats
Wiki Monthly Views Cityquiz Mention Rate Population Answers % Correct
43.36K 26.86% 1132.00K Tegucigalpa
100%
23.76K 6.33% 701.20K San Pedro Sula
90%
8.12K 1.39% 209.00K La Ceiba
55%
6.29K 0.58% 120.50K Comayagua
50%
33.27K 0.61% 14.94K Roatán/Coxen Hole
45%
3.91K 0.53% 99.98K Choluteca
40%
2.41K 0.71% 120.60K El Progreso
38%
4.45K 0.31% 73.15K Puerto Cortés
36%
2.78K 0.16% 61.80K Santa Rosa de Copán
31%
1.94K 0.11% 10.32K Copán Ruinas
29%
1.69K 3.69% 30.69K Santa Bárbara
29%
2.34K 0.38% 80.20K Danlí
24%
2.08K 0.19% 79.52K Siguatepeque
24%
3.55K 0.55% 39.92K Tela
21%
1.69K 0.35% 75.79K Juticalpa
19%
1.81K 0.05% 14.90K Ocotepeque
19%
4.81K 0.07% 3.31K Utila
19%
2.85K 0.03% 1.54K Guanaja
17%
1.38K 0.91% 35.56K San Lorenzo
17%
3.08K 1.18% 22.75K Trujillo
17%
2.96K 0.19% 18.55K Gracias
14%
2.17K 0.30% 11.83K La Esperanza
12%
No matching quizzes found
Score Distribution
Percent of People with Each Score
Percentile by Number Answered
Your Score History
You have not taken this quiz